Top 20 au premier classement de popularité One Piece (Tome 07) - Statistiques

Statistiques générales
  • Ce quiz a été pris 31 fois
  • Le résultat moyen est 12 sur 20
Statistiques - réponses
Classement Personnages Nb de voix % Correct
1 Monkey.D.Luffy 8055
100%
2 Roronoa Zoro 7260
100%
5 Nami 4213
93%
4 Sanji 4300
93%
8 Usopp 781
89%
3 Shanks 5883
81%
18 Kobby ?
74%
7 Baggy le Clown 868
70%
9 Le Capitaine Kuro 625
59%
13 Gol.D.Roger ?
56%
17 Kaya ?
56%
14 Mihawk ?
48%
10 Kuina 421
44%
12 Makino ?
44%
16 Krieg ?
41%
6 Ben Beckmann 1518
33%
11 Gyn ?
33%
19 Jango ?
33%
15 Gaimon ?
26%
20 Les Frères Nyaban ?
4%
Aucun quiz correspondant
Distribution des résultats
% des personnes avec chaque résultat
Percentile par nombre de réponses
Votre historique - résultats
Vous n’avez pas pris ce quiz